00821nam a22002177a 4500003000500000005001700005008004100022010001000063011001000073035001000083040000900093082001700102100002900119245014500148260008600293490006700379650002900446650004000475650002100515830006700536CHAP20220329134223.0971013s1982 r 00010 d a17174 a18146 a22230 cCHAP a634.9016bJ500aJiménez Saa, Humberto. aResúmenes de las tesis de grado de magister scientiae presentadas en el Departamento de Recursos Naturales Renovables del CATIE, 1952-1981 aTurrialba :bCentro Agronómico Tropical de Investigación y Enseñanza,c1982 aSerie bibliotecología y documentación. Bibliografíav; 714aBosquesxBibliografía.14aRecursos naturalesxBibliografía.14aTesisxSumarios.0 aSerie bibliotecología y documentación. Bibliografíav; 7